000 00313nam a2200121Ia 4500
008 240731s9999 xx 000 0 und d
022 _a1532-2327
245 0 _aJournal of Carbohydrate Chemistry
260 _bTaylor & Francis
856 _uhttps://www.tandfonline.com/loi/lcar20
942 _2ddc
942 _cTFEJ
999 _c77503
_d77503
945 _a1
_bMadushi Gamage
_c1
_dMadushi Gamage